Music Quiz

Random Music or Album Quiz

Bands in the First Place Quiz Stats

 Plays Quiz Updated Feb 11, 2014

Also try: Album Covers
Challenge
Share
Tweet
Embed
Score 0/24 Timer 04:00
2 Plays Today
Firsts Band % Correct
Yellow/Strawberry/JohnThe Beatles
95.8%
Sheer/Bohemian/FreddieQueen
89.8%
Pet/Surfer/BrianThe Beach Boys
82.9%
Physical/Stairway/JimmyLed Zeppelin
82.1%
Face/Pinball/RogerThe Who
81.7%
In/Smells/KristNirvana
76.7%
Viva/Violet/ChrisColdplay
72%
Rattle/Sunday/AdamU2
66.7%
Never/God/SidSex Pistols
64%
London/Janie/JoeThe Clash
62.2%
Rocket/Blitzkrieg/Dee DeeRamones
61.1%
OK/Karma/ThomRadiohead
56.1%
Firsts Band % Correct
Goin'/Dancing/TitoThe Jackson 5
54.9%
Pisces/Daydream/DavyThe Monkees
53.6%
Blood/Suck/ChadRed Hot Chili Peppers
51.3%
Learning/Brass/ChrissiePretenders
43.9%
Speaking/Psycho/DavidTalking Heads
43.4%
Fables/Orange/MichaelR.E.M.
42.1%
White/Pale/LouThe Velvet Underground
37.5%
Outlandos/De/StewartThe Police
33.9%
Arthur/Come/RayThe Kinks
29.9%
Neon/Neighborhood/WinArcade Fire
18.8%
Cosmic/Whammy/FredThe B-52's
17.2%
Oranges/Respectable/AndyXTC
5.3%

You're not logged in!

Compare scores with friends on all Sporcle quizzes.
Join for Free
OR
Log In

You Might Also Like...

Show Comments

Extras

Top Quizzes Today


Score Distribution

Your Account Isn't Verified!

In order to create a playlist on Sporcle, you need to verify the email address you used during registration. Go to your Sporcle Settings to finish the process.

Report this User

Report this user for behavior that violates our Community Guidelines.

Details: